| 000 | 00678pam a2200205 a 4500 | ||
|---|---|---|---|
| 020 | _a0814746365 (cloth) : | ||
| 040 | _cDLC | ||
| 082 | 0 | 0 | _a339 NEY 1992 A019 Or. |
| 100 | 1 | _aKuenne, Robert E. | |
| 245 | 1 | 0 |
_aGeneral equilibrium economics : _bspace, time, and money / |
| 260 |
_aWashington Square, N.Y. : _bNew York University Press, _cc1992. |
||
| 300 |
_axii, 510 p. : _bill. ; _c23 cm. |
||
| 650 | 0 | _aEquilibrium (Economics) | |
| 650 | 0 | _aSpace in economics. | |
| 650 | 0 | _aTime. | |
| 650 | 0 | _aMoney. | |
| 856 | 4 | 2 | _uhttp://www.loc.gov/catdir/enhancements/fy0807/92001414-b.html |
| 856 | 4 | 2 | _uhttp://www.loc.gov/catdir/enhancements/fy0807/92001414-d.html |
| 942 | _cEK | ||
| 999 |
_c12355 _d12355 |
||